Biblioteca

The church and the jewish people : (Registro nro. 70641)

Detalles MARC
000 -LÍDER
Campo fijo de descripción fija 01427nab a2200241 i 4500
001 - NÚMERO DE CONTROL
Campo de control 768714001
003 - IDENTIFICADOR DEL NÚMERO DE CONTROL
Campo de control CO-MdFUSB
005 - FECHA Y HORA DE LA ULTIMA TRANSACCIÓN
control field 20240731114812.0
008 - ELEMENTOS DE LONGITUD FIJA -- INFORMACIÓN GENERAL
Campo fijo de descripción fija -- Información general 240731t1987 -us||||| |||| 00| 0 eng d
040 ## - FUENTE DE CATALOGACIÓN
Idioma de catalogación spa
Agencia que realiza la transcripción CO-MdFUSB
Agencia que realiza la modificación CO-MdFUSB
041 ## - CÓDIGO DE IDIOMA
Código de idioma para texto/pista de sonido o título separado eng
100 ## - ASIENTO PRINCIPAL--NOMBRE PERSONAL
Nombre personal Harley, C. David,
Término relacionador autor
245 14 - TÍTULO
Título The church and the jewish people :
Subtitulo a theological perspective
Mención de responsabilidad / C. David Harley
520 ## - NOTA DE RESUMEN, ETC.
Nota de sumario, etc. Durante los últimos cuarenta años, cada vez más cristianos han cuestionado la conveniencia de la evangelización judía. Algunas iglesias que tenían una agencia misionera para trabajar entre los judíos la han cerrado. Algunas denominaciones han descartado deliberadamente cualquier forma de evangelización en sus relaciones con el pueblo judío y han adoptado una postura de diálogo. Incluso entre los evangélicos hay muchos que no están seguros de cuál sería la actitud apropiada hacia el pueblo judío. Esto parece aún más notable en vista de la enseñanza del Nuevo Testamento.
546 ## - NOTA DE IDIOMA
Nota de idioma Texto en inglés.
630 07 - PUNTO DE ACCESO ADICIONAL DE MATERIA - TÍTULO UNIFORME
Título uniforme Biblia.
Parte o sección de la obra Nuevo Testamento
650 #7 - ASIENTO SECUNDARIO DE MATERIA - TERMINO TEMÁTICO
Término temático o nombre geográfico como elemento de entrada Iglesia
9 (RLIN) 655
650 #7 - ASIENTO SECUNDARIO DE MATERIA - TERMINO TEMÁTICO
Término temático o nombre geográfico como elemento de entrada Hermenéutica bíblica
9 (RLIN) 7333
653 ## - TÉRMINO DE INDIZACIÓN - NO CONTROLADO
Término no controlado Judíos
773 0# - ASIENTO DE ITEM FUENTE
Biblionumber 49483
Itemnumber 82883
Otro identificador del ítem R2711
Título International Bulletinof Missionary Research
Número de control del registro (CO-MdFUSB)768714001
Número Internacional Normalizado para Publicaciones Seriadas (ISSN) 0272-6122
Parte(s) relacionada(s) / Volumen., número. (mes año), páginas Volumen 11, (número 3, 1987), páginas: 117 - 120
Enumeración y primera página página: 117
942 ## - TIPO DE MATERIAL (KOHA)
Tipo de Item KOHA Artículos de Revista
945 ## - INFORMACIÓN LOCAL DEL REGISTRO
Catalogador Catherine Arias Álvarez - Practicante SENA

No hay ítems disponibles.

Biblioteca FUSBC | Teléfono: (57+4) 349 88 10 Ext. 141| WhatsApp (+57) 3005338115 
E-mail: biblioteca@unisbc.edu.co | Calle 76 87-14 Robledo Palenque, Medellín, Colombia

Con tecnología Koha